[Event "EU-chT Seniors 15th"]
[Site "Dresden"]
[Date "2013.07.26"]
[Round "7"]
[White "Gneiss, Karl"]
[Black "Vucenovic, Dragomir"]
[Result "0-1"]
[WhiteElo "2134"]
[BlackElo "2271"]
[EventDate "2013.07.20"]
[PlyCount "78"]

1.e4 e5 2.Nf3 Nc6 3.Nc3 Nf6 4.d4 exd4 5.Nxd4 d6 6.Bb5 Bd7 7.O-O Be7 8.Bf4 
O-O 9.Re1 Nxd4 10.Qxd4 Bxb5 11.Nxb5 Nd7 12.Qc4 a6 13.Nd4 Bf6 14.c3 Re8 15.
a4 Be5 16.Bxe5 Nxe5 17.Qb3 Rb8 18.Re3 c5 19.Nf5 g6 20.Rg3 Kh8 21.Ne3 b5 
22.axb5 Rxb5 23.Qa2 Qb8 24.Rb1 Qb7 25.Nd5 Rb8 26.f4 Nc6 27.b4 cxb4 28.cxb4
Qa7+ 29.Kh1 Qd4 30.h3 Nxb4 31.Nxb4 Rxb4 32.Rxb4 Rxb4 33.Ra3 Kg7 34.Rxa6 
Qxe4 35.Qd2 d5 36.f5 Rb1+ 37.Kh2 Qe5+ 38.g3 Rb2 39.f6+ Qxf6 0-1

[Event "EU-chT Seniors 15th"]
[Site "Dresden"]
[Date "2013.07.26"]
[Round "7"]
[White "Illi, Hans Joerg"]
[Black "Prochaska, Juergen"]
[Result "1-0"]
[WhiteElo "2129"]
[BlackElo "2003"]
[EventDate "2013.07.20"]
[PlyCount "65"]

1.d4 Nf6 2.Nf3 g6 3.Bg5 Bg7 4.c3 O-O 5.Nbd2 d6 6.e4 c5 7.dxc5 dxc5 8.Bc4 
Nc6 9.O-O Qc7 10.Qc2 Bg4 11.Rae1 e6 12.h3 Bxf3 13.Nxf3 Nd7 14.Kh1 Nde5 15.
Nxe5 Nxe5 16.Bf4 Qe7 17.Bxe5 Bxe5 18.g3 g5 19.Rd1 Rad8 20.Rxd8 Rxd8 21.Rd1
Rxd1+ 22.Qxd1 Qd6 23.Qxd6 Bxd6 24.Kg2 Kg7 25.Kf3 h5 26.a4 Kf6 27.Ke3 h4 
28.gxh4 gxh4 29.f4 Kg6 30.e5 Bf8 31.Kf3 Kh5 32.Bd3 Bg7 33.Bc4 1-0

[Event "EU-chT Seniors 15th"]
[Site "Dresden"]
[Date "2013.07.26"]
[Round "7"]
[White "Faibisovich, Vadim"]
[Black "Hedin, Gunnar"]
[Result "1-0"]
[WhiteElo "2348"]
[BlackElo "2117"]
[EventDate "2013.07.20"]
[PlyCount "113"]

1.e4 e6 2.d4 d5 3.Nd2 Nf6 4.e5 Nfd7 5.Bd3 c5 6.c3 Nc6 7.Ne2 cxd4 8.cxd4 f6
9.exf6 Nxf6 10.Nf3 Bd6 11.O-O Qc7 12.h3 O-O 13.Be3 Bd7 14.Rc1 Rae8 15.a3 
a6 16.b4 Re7 17.Nc3 Qd8 18.Na4 Be8 19.Nc5 e5 20.dxe5 Nxe5 21.Be2 Nxf3+ 22.
Bxf3 Bb8 23.Re1 Bf7 24.Bd4 Rxe1+ 25.Qxe1 Re8 26.Qd1 Qd6 27.g3 Ne4 28.Nxb7 
Qd7 29.Nc5 Qxh3 30.Nxe4 dxe4 31.Bg4 Qh6 32.Be3 Qf6 33.Qd7 Qd8 34.Rc6 Qxd7 
35.Bxd7 Rd8 36.Bf5 Bd5 37.Be6+ Bxe6 38.Rxe6 Kf7 39.Rxa6 Rd3 40.Kg2 Rb3 41.
Rb6 Be5 42.a4 Ra3 43.a5 Bc3 44.a6 Bxb4 45.Rxb4 Rxa6 46.Rxe4 Rc6 47.g4 h6 
48.Kg3 g5 49.Rb4 Rc3 50.Kf3 Kg6 51.Rb6+ Kh7 52.Ke4 Rc7 53.Ra6 Rf7 54.Ra7 
Rxa7 55.Bxa7 Kg6 56.Ke5 h5 57.f3 1-0

[Event "EU-chT Seniors 15th"]
[Site "Dresden"]
[Date "2013.07.26"]
[Round "7"]
[White "Nordstrom, Felix"]
[Black "Karasev, Vladimir"]
[Result "0-1"]
[WhiteElo "2116"]
[BlackElo "2363"]
[EventDate "2013.07.20"]
[PlyCount "130"]

1.e4 c5 2.Nf3 e6 3.d4 cxd4 4.Nxd4 a6 5.c4 Nf6 6.Nc3 Qc7 7.a3 d6 8.Be2 Nbd7
9.Be3 Be7 10.O-O b6 11.Qd2 Bb7 12.f3 Rc8 13.Rfc1 O-O 14.b4 Qb8 15.Nb3 Rfe8
16.Rab1 Bd8 17.a4 Bc7 18.Kh1 d5 19.cxd5 exd5 20.exd5 Bxh2 21.Bf1 Re5 22.
Bg5 h6 23.Kxh2 Rxg5+ 24.Kg1 Nxd5 25.Nxd5 Rxd5 26.Rxc8+ Qxc8 27.Qe3 Re5 28.
Qd4 Qe8 29.Rc1 Rd5 30.Qc3 Nf6 31.a5 b5 32.Nc5 Bc8 33.Ne4 Bf5 34.Nxf6+ gxf6
35.Re1 Re5 36.Rd1 Kg7 37.Rd6 Re6 38.Rd4 Rc6 39.Qd2 Qe7 40.Rh4 Qa7+ 41.Kh1 
Kf8 42.Qxh6+ Ke7 43.Qd2 Rd6 44.Qe1+ Be6 45.Re4 Rd5 46.g4 Kf8 47.Kg2 Qc7 
48.Qe3 Kg7 49.Be2 Qd8 50.Kf2 Qd6 51.Qf4 Qd7 52.Kg3 Kg6 53.Kg2 Rd2 54.Kg3 
Qd5 55.Qe3 Qd6+ 56.f4 Rb2 57.Bd3 Kg7 58.Rd4 Qc6 59.Be4 Qc8 60.f5 Qc7+ 61.
Qf4 Qc3+ 62.Bf3 Qe1+ 63.Kh3 Qf1+ 64.Kh4 Qf2+ 65.Kh3 Bc4 0-1

[Event "EU-chT Seniors 15th"]
[Site "Dresden"]
[Date "2013.07.26"]
[Round "7"]
[White "Wademark, Helge"]
[Black "Golcman, Evgeny"]
[Result "1/2-1/2"]
[WhiteElo "2080"]
[BlackElo "2264"]
[EventDate "2013.07.20"]
[PlyCount "91"]

1.e4 e5 2.Nf3 Nc6 3.Bc4 Be7 4.d4 exd4 5.Nxd4 d6 6.Nc3 Nf6 7.h3 O-O 8.O-O 
Re8 9.Re1 Bd7 10.Bf4 a6 11.a3 Bf8 12.Qd2 Ne5 13.Ba2 b5 14.Nd5 c6 15.Nxf6+ 
Qxf6 16.Bg3 Qg6 17.Re3 Nc4 18.Bxc4 bxc4 19.Rae1 d5 20.exd5 Rxe3 21.Rxe3 
cxd5 22.c3 Re8 23.Rxe8 Bxe8 24.Nf3 Qe4 25.Kh2 Bc5 26.Nd4 h5 27.Qf4 Qxf4 
28.Bxf4 f6 29.h4 Kf7 30.Kg3 Bd7 31.Kf3 Ke7 32.Be3 Kd8 33.Ke2 Kc7 34.f4 Kd8
35.Kd2 Kc7 36.g3 Kb7 37.Kc1 Bg4 38.Kd2 Kc8 39.Ke1 Kd7 40.Kf2 Bd6 41.Ke1 g5
42.Kf2 gxh4 43.gxh4 Be7 44.Ke1 Bc5 45.Nc2 Bd6 46.Nd4 1/2-1/2

[Event "EU-chT Seniors 15th"]
[Site "Dresden"]
[Date "2013.07.26"]
[Round "7"]
[White "Alkkiomaki, Jyrki"]
[Black "Andersson, Gunnar"]
[Result "0-1"]
[WhiteElo "1977"]
[BlackElo "2073"]
[EventDate "2013.07.20"]
[PlyCount "74"]

1.e4 e5 2.Nf3 Nc6 3.Bb5 a6 4.Ba4 Nf6 5.O-O Be7 6.Re1 b5 7.Bb3 O-O 8.d3 d6 
9.c3 Nd7 10.Nbd2 Nb6 11.Nf1 Na5 12.Bc2 c5 13.Ne3 Nc6 14.Nd5 Nxd5 15.exd5 
Nb8 16.d4 exd4 17.cxd4 c4 18.Qe2 Bf6 19.Qe4 g6 20.Bh6 Bg7 21.Bxg7 Kxg7 22.
a4 Bf5 23.Qe2 Bxc2 24.Qxc2 Nd7 25.h3 Nb6 26.axb5 axb5 27.b3 Qc7 28.bxc4 
bxc4 29.Rxa8 Rxa8 30.Qe4 c3 31.Rc1 Qc4 32.Qe7 Nxd5 33.Qxd6 Ra7 34.Qe5+ f6 
35.Qd6 c2 36.Qb8 Rc7 37.Qb2 Nf4 0-1

[Event "EU-chT Seniors 15th"]
[Site "Dresden"]
[Date "2013.07.26"]
[Round "7"]
[White "Danielsson, Robert"]
[Black "Ranki, Martti"]
[Result "1-0"]
[WhiteElo "2071"]
[BlackElo "1925"]
[EventDate "2013.07.20"]
[PlyCount "138"]

1.d4 Nf6 2.c4 d5 3.cxd5 Qxd5 4.Nc3 Qh5 5.Bf4 Qa5 6.e3 e6 7.Bd3 Bb4 8.Ne2 
O-O 9.O-O Bd6 10.Rc1 Bd7 11.Bb1 Nc6 12.Bxd6 cxd6 13.a3 Qh5 14.Qd3 a6 15.
Ng3 Qh6 16.Nge4 Ne8 17.Ng5 g6 18.f4 Ne7 19.Rf3 Qg7 20.Rf2 Rc8 21.b4 Nf5 
22.Rfc2 Nf6 23.e4 Ne7 24.g3 Rfd8 25.Ba2 Qh6 26.Nf3 b5 27.Nd2 Nc6 28.e5 Ne8
29.Nce4 Qf8 30.exd6 Na7 31.Nc5 Nf6 32.Nxa6 Qxd6 33.Nc5 Bc6 34.d5 Bxd5 35.
Bxd5 Qxd5 36.Qxd5 Rxd5 37.Nde4 Nxe4 38.Nxe4 Rd1+ 39.Rxd1 Rxc2 40.Rd2 Rc1+ 
41.Kf2 Rc7 42.Ke3 Kf8 43.Rd3 Ke7 44.Nc5 Nc8 45.a4 bxa4 46.Nxa4 Rb7 47.Rb3 
Nb6 48.Nxb6 Rxb6 49.Kd4 Kd6 50.b5 f6 51.Kc4 e5 52.Rd3+ Kc7 53.fxe5 fxe5 
54.Kc5 Re6 55.Kd5 Rd6+ 56.Ke4 Rb6 57.Rd5 Rf6 58.Rxe5 Rf2 59.h4 Kd6 60.Rd5+
Ke6 61.Rc5 Re2+ 62.Kf4 Rf2+ 63.Ke4 Re2+ 64.Kf4 Rg2 65.Rc3 h6 66.Ke4 g5 67.
hxg5 hxg5 68.Kd4 Kd6 69.Kc4 g4 1-0

[Event "EU-chT Seniors 15th"]
[Site "Dresden"]
[Date "2013.07.26"]
[Round "7"]
[White "Rantanen, Veikko"]
[Black "Johansson, Per"]
[Result "1/2-1/2"]
[WhiteElo "1917"]
[BlackElo "2007"]
[EventDate "2013.07.20"]
[PlyCount "77"]

1.e4 c6 2.d4 d5 3.Nc3 dxe4 4.Nxe4 Nf6 5.Nxf6+ gxf6 6.Nf3 Bf5 7.Bd3 Bg6 8.
Bxg6 hxg6 9.Qd3 e6 10.Be3 Na6 11.a3 Qa5+ 12.Bd2 Qd5 13.c4 Qd7 14.O-O-O 
O-O-O 15.Ba5 b6 16.Bc3 Bg7 17.Qc2 Nc7 18.Kb1 Kb7 19.h3 Rh5 20.Rhe1 a6 21.
Nd2 Ne8 22.Qb3 Ka7 23.Ne4 f5 24.Ng3 Rh4 25.Ne2 Nc7 26.Rd2 b5 27.Red1 bxc4 
28.Qxc4 Nd5 29.Ba5 Rhh8 30.Rc2 Rh5 31.b4 Ne7 32.Ka2 Qd5 33.Qxd5 Rxd5 34.
Rcd2 g5 35.Bc7 Ng6 36.Bg3 Rh8 37.f3 Kb7 38.Kb3 Rhd8 39.Bf2 1/2-1/2

[Event "EU-chT Seniors 15th"]
[Site "Dresden"]
[Date "2013.07.26"]
[Round "7"]
[White "Nyberg, Bo"]
[Black "Grabitz, Georg"]
[Result "1/2-1/2"]
[WhiteElo "1852"]
[BlackElo "2067"]
[EventDate "2013.07.20"]
[PlyCount "90"]

1.d4 g6 2.Bf4 d6 3.Nf3 Bg7 4.e3 Nd7 5.Bc4 e5 6.dxe5 dxe5 7.Bg5 Ngf6 8.c3 
Qe7 9.Nbd2 h6 10.Bh4 O-O 11.O-O g5 12.Bg3 Nh5 13.Bxe5 Nxe5 14.Nxe5 Qxe5 
15.Qxh5 Bf5 16.e4 Rad8 17.Rad1 Qf4 18.exf5 Rxd2 19.Rxd2 Qxd2 20.f6 Bxf6 
21.Qxh6 Bg7 22.Qh5 Qf4 23.Bd3 Rd8 24.Rd1 Kf8 25.g3 Qe5 26.Bc4 Rxd1+ 27.
Qxd1 Qe7 28.Qf3 c6 29.Bb3 Qd7 30.h3 Be5 31.Qe3 f6 32.Qxa7 Bd6 33.Qd4 Qe7 
34.Qc4 Ke8 35.Qe6 Qxe6 36.Bxe6 Ke7 37.Bf5 Be5 38.Kg2 Bd6 39.Kf3 Be5 40.Be4
Ke6 41.b4 f5 42.Bc2 f4 43.Be4 fxg3 44.fxg3 Kf6 45.g4 Bh2 1/2-1/2

[Event "EU-chT Seniors 15th"]
[Site "Dresden"]
[Date "2013.07.26"]
[Round "7"]
[White "Sandklef, Ake"]
[Black "Szenetra, Werner"]
[Result "0-1"]
[WhiteElo "1975"]
[BlackElo "2186"]
[EventDate "2013.07.20"]
[PlyCount "121"]

1.d4 g6 2.c4 Bg7 3.e4 d6 4.Be3 Nc6 5.Nc3 e5 6.d5 Nce7 7.Qd2 f5 8.f3 Nf6 9.
Bd3 O-O 10.Nge2 fxe4 11.Nxe4 c6 12.dxc6 bxc6 13.Nxf6+ Bxf6 14.O-O Bf5 15.
Ng3 Bxd3 16.Qxd3 d5 17.Bc5 Qa5 18.b4 Qd8 19.Rad1 Re8 20.cxd5 cxd5 21.Qa6 
Bg7 22.Qe6+ Kh8 23.Bxe7 Rxe7 24.Qxd5 Qb6+ 25.Qc5 Rc7 26.Qxb6 axb6 27.Rd5 
Bf8 28.Rfd1 Bxb4 29.Rd8+ Rxd8 30.Rxd8+ Kg7 31.Ra8 Rc1+ 32.Kf2 Bc5+ 33.Ke2 
Rc2+ 34.Kd3 Rxg2 35.Ra7+ Kf8 36.Ke4 Rxh2 37.Kxe5 Rh3 38.Ne4 Rxf3 39.Ke6 
Re3 40.Ke5 Be7 41.Kd4 Ra3 42.Rb7 Rxa2 43.Ke5 Ra6 44.Nc3 Ra8 45.Rxb6 Kf7 
46.Ne4 Ra5+ 47.Kd4 h5 48.Rb7 h4 49.Nd6+ Ke6 50.Nc4 Ra4 51.Rb6+ Kf5 52.Kd5 
h3 53.Ne3+ Kg5 54.Rb2 Bf6 55.Rh2 Rd4+ 56.Kc5 Rd3 57.Nf1 Be5 58.Re2 Bf4 59.
Kc4 Rf3 60.Nh2 Bxh2 61.Rxh2 0-1

[Event "EU-chT Seniors 15th"]
[Site "Dresden"]
[Date "2013.07.27"]
[Round "8"]
[White "Winiwarter, Felix"]
[Black "Goldberg, Valerij"]
[Result "0-1"]
[WhiteElo "2167"]
[BlackElo "2150"]
[EventDate "2013.07.20"]
[PlyCount "117"]

1.e4 e5 2.Nf3 Nc6 3.Bb5 a6 4.Ba4 Nf6 5.O-O b5 6.Bb3 Bc5 7.c3 Bb6 8.d4 Qe7 
9.d5 Na5 10.Bc2 d6 11.Nbd2 O-O 12.b4 Nb7 13.a4 Bd7 14.Re1 a5 15.axb5 Bxb5 
16.h3 axb4 17.Rxa8 Rxa8 18.cxb4 Qd7 19.Nf1 Ra1 20.Qd2 Qc8 21.Ne3 Bd7 22.
Qc3 Ra8 23.Nc4 Ba7 24.Be3 Bxe3 25.Nxe3 g6 26.Nc4 Ne8 27.Bb3 f6 28.Rc1 Nd8 
29.Na5 Kg7 30.Qd2 Qa6 31.Ne1 Bb5 32.h4 Qb6 33.h5 Bd7 34.Nc4 Qb7 35.Kh2 Nf7
36.hxg6 hxg6 37.Nd3 f5 38.f3 fxe4 39.fxe4 Nf6 40.Nf2 Rh8+ 41.Kg1 Qa7 42.
Qe3 Qb8 43.Nd2 Ne8 44.Nd3 Qd8 45.Qg3 Bb5 46.Bc4 Bxc4 47.Nxc4 Qa8 48.Qe3 
Nf6 49.Nf2 Rb8 50.Nd2 Rxb4 51.Rxc7 Qa1+ 52.Kh2 Rb8 53.Nc4 Ne8 54.Re7 Qd4 
55.Qxd4 exd4 56.e5 dxe5 57.Nxe5 Nd6 58.Nfd3 Rh8+ 59.Kg3 0-1

[Event "EU-chT Seniors 15th"]
[Site "Dresden"]
[Date "2013.07.27"]
[Round "8"]
[White "Isserman, Ryhor"]
[Black "Mochalov, Evgeny V"]
[Result "1/2-1/2"]
[WhiteElo "2331"]
[BlackElo "2407"]
[EventDate "2013.07.20"]
[PlyCount "78"]

1.e4 c5 2.Nf3 g6 3.c3 Bg7 4.d4 cxd4 5.cxd4 d5 6.exd5 Nf6 7.Bb5+ Nbd7 8.d6 
e6 9.Nc3 O-O 10.O-O Nb6 11.Bf4 Nh5 12.Be5 f6 13.d7 Bxd7 14.Bd6 Rf7 15.g4 
Bc6 16.Bxc6 Qxd6 17.gxh5 Qxc6 18.hxg6 hxg6 19.Qd3 Nd5 20.Nxd5 Qxd5 21.Rac1
Rd8 22.Rfe1 e5 23.Rcd1 Rfd7 24.Qe2 exd4 25.Rxd4 Qf5 26.Nh4 Qh3 27.Rxd7 
Rxd7 28.Nxg6 Rd4 29.f3 Kh7 30.Ne7 f5 31.Qc2 Rf4 32.Qg2 Bd4+ 33.Kh1 Qxf3 
34.Qxf3 Rxf3 35.Re2 f4 36.Nf5 Bc5 37.Rd2 Rf1+ 38.Kg2 Rg1+ 39.Kf3 Rf1+ 
1/2-1/2

[Event "EU-chT Seniors 15th"]
[Site "Dresden"]
[Date "2013.07.27"]
[Round "8"]
[White "Veremeichik, Vladimir"]
[Black "Haubt, Georg"]
[Result "1-0"]
[WhiteElo "2340"]
[BlackElo "2239"]
[EventDate "2013.07.20"]
[PlyCount "63"]

1.d4 Nf6 2.c4 e6 3.Nc3 Bb4 4.Qc2 O-O 5.Nf3 b6 6.e4 d5 7.e5 Ne4 8.Bd3 Bb7 
9.O-O Bxc3 10.bxc3 Nd7 11.cxd5 exd5 12.c4 f5 13.cxd5 Bxd5 14.Bc4 Bxc4 15.
Qxc4+ Kh8 16.Qc6 Re8 17.Bb2 Rc8 18.Rfd1 Nf8 19.Rac1 Re6 20.Qc4 Rg6 21.d5 
Ng5 22.Qb3 Ne4 23.e6 Rh6 24.Qe3 Kg8 25.Qf4 Nd6 26.Qe5 Qe7 27.Ba3 Rd8 28.h3
c5 29.dxc6 Rxe6 30.Qd5 Qf6 31.c7 Rc8 32.Bxd6 1-0

[Event "EU-chT Seniors 15th"]
[Site "Dresden"]
[Date "2013.07.27"]
[Round "8"]
[White "Holst, Per"]
[Black "Staub, Gerhard"]
[Result "1-0"]
[WhiteElo "2118"]
[BlackElo "2097"]
[EventDate "2013.07.20"]
[PlyCount "149"]

1.d4 Nf6 2.c4 e6 3.Nc3 Bb4 4.e3 O-O 5.Ne2 d5 6.a3 Be7 7.cxd5 Nxd5 8.g3 b6 
9.Bg2 Bb7 10.Nxd5 Bxd5 11.e4 Bb7 12.Be3 Nd7 13.b4 c5 14.bxc5 bxc5 15.Rb1 
Qa5+ 16.Bd2 Qa6 17.d5 exd5 18.exd5 Nb6 19.O-O Bxd5 20.Nf4 Bxg2 21.Kxg2 
Rad8 22.Qc1 Nc4 23.Bc3 Rd6 24.Nh5 f6 25.Kg1 Ne5 26.Nf4 Nf3+ 27.Kh1 Qc6 28.
Ng2 Re8 29.Qc2 Re6 30.Qb3 c4 31.Qb7 Bxa3 32.Nf4 Qxb7 33.Rxb7 R6e7 34.Rfb1 
Bc5 35.Kg2 Nd4 36.Nd5 Rxb7 37.Rxb7 Ne2 38.Bxf6 Bf8 39.Rxa7 Rc8 40.Kf3 Nc1 
41.Bxg7 Bxg7 42.Ne7+ Kf8 43.Nxc8 c3 44.Ke4 Nb3 45.Rc7 Na1 46.Kd3 c2 47.Kd2
Bb2 48.Nd6 c1=Q+ 49.Rxc1 Nb3+ 50.Kc2 Nxc1 51.Nb5 h5 52.f3 Be5 53.Kxc1 Bb8 
54.Kd2 Kf7 55.Ke3 Kf6 56.Ke4 Kg5 57.f4+ Kg4 58.f5 Kg5 59.Nd4 Bd6 60.Kd5 
Ba3 61.h3 Bb2 62.Ke4 Ba1 63.Nf3+ Kf6 64.g4 hxg4 65.hxg4 Bb2 66.g5+ Kg7 67.
Ne5 Bc1 68.f6+ Kg8 69.Kf5 Ba3 70.g6 Bb4 71.Ke6 Ba3 72.Nf7 Bf8 73.Nd6 Bh6 
74.Ne8 Kf8 75.g7+ 1-0

[Event "EU-chT Seniors 15th"]
[Site "Dresden"]
[Date "2013.07.27"]
[Round "8"]
[White "Karasev, Vladimir"]
[Black "Haakert, Juergen"]
[Result "1/2-1/2"]
[WhiteElo "2363"]
[BlackElo "2385"]
[EventDate "2013.07.20"]
[PlyCount "54"]

1.d4 Nf6 2.c4 g6 3.Nc3 Bg7 4.e4 d6 5.f4 O-O 6.Nf3 c5 7.d5 e6 8.dxe6 fxe6 
9.Bd3 e5 10.fxe5 dxe5 11.Bg5 Nc6 12.O-O Bg4 13.Nd5 Qd6 14.Qd2 Rf7 15.h3 
Bxf3 16.Rxf3 Raf8 17.Raf1 Nd4 18.R3f2 Nd7 19.Rxf7 Rxf7 20.Rxf7 Kxf7 21.
Qf2+ Kg8 22.Ne7+ Kh8 23.Qf7 Qe6 24.Qe8+ Nf8 25.Qd8 Qf7 26.Nd5 Ne6 27.Qe7 
Nxg5 1/2-1/2

[Event "EU-chT Seniors 15th"]
[Site "Dresden"]
[Date "2013.07.27"]
[Round "8"]
[White "Birnboim, Nathan"]
[Black "Malmdin, Nils Ake"]
[Result "1-0"]
[WhiteElo "2356"]
[BlackElo "2242"]
[EventDate "2013.07.20"]
[PlyCount "71"]

1.c4 g6 2.g3 Bg7 3.Bg2 c5 4.Nf3 Nc6 5.O-O d6 6.Nc3 Bf5 7.d3 Qd7 8.Re1 Bh3 
9.Bh1 h5 10.Rb1 h4 11.Nd5 hxg3 12.fxg3 e6 13.Nf4 Bg4 14.Rf1 Nge7 15.a3 Nf5
16.e3 g5 17.Ne2 Rh5 18.b4 O-O-O 19.Rf2 Rdh8 20.bxc5 dxc5 21.Qa4 Qc7 22.Bg2
Nfe7 23.d4 f5 24.Bb2 f4 25.exf4 cxd4 26.Bxd4 Bxd4 27.Nexd4 gxf4 28.Nb5 Qb8
29.Rd2 Rd8 30.Rxd8+ Kxd8 31.Qd1+ Nd5 32.cxd5 Rxd5 33.Qe1 a6 34.Nc3 Qa7+ 
35.Qf2 fxg3 36.Qxa7 1-0

[Event "EU-chT Seniors 15th"]
[Site "Dresden"]
[Date "2013.07.27"]
[Round "8"]
[White "Gofshtein, Leonid"]
[Black "Hammar, Bengt"]
[Result "1-0"]
[WhiteElo "2460"]
[BlackElo "2279"]
[EventDate "2013.07.20"]
[PlyCount "120"]

1.d4 Nf6 2.c4 d6 3.Nf3 Nbd7 4.Nc3 e5 5.Bg5 h6 6.Bh4 c6 7.e3 g5 8.dxe5 gxh4
9.exf6 Qxf6 10.Qd4 Qxd4 11.Nxd4 Nc5 12.f3 a5 13.Kf2 Kd8 14.Be2 Kc7 15.Rhd1
Bd7 16.Rd2 Be7 17.f4 h5 18.Bf3 Rag8 19.Rad1 h3 20.g3 h4 21.Ne4 Nxe4+ 22.
Bxe4 Be6 23.b3 Rh5 24.Bf3 hxg3+ 25.hxg3 Rh7 26.Rh1 Rhg7 27.g4 Bxg4 28.Bxg4
Rxg4 29.Rxh3 Rg2+ 30.Ke1 Rg1+ 31.Ke2 R8g2+ 32.Kd3 Rxd2+ 33.Kxd2 Bf6 34.Ne2
Rg7 35.Kd3 Kd7 36.Ng3 Be7 37.Nf5 Rg2 38.Rh7 Ke6 39.Nd4+ Kf6 40.Rh6+ Rg6 
41.Rh8 Rg2 42.a4 d5 43.cxd5 cxd5 44.Rb8 Rb2 45.Rxb7 Bb4 46.e4 dxe4+ 47.
Kxe4 Rb1 48.Rb6+ Kg7 49.Nc6 Re1+ 50.Kd5 Bd2 51.f5 Rf1 52.Ke4 Rf4+ 53.Kd3 
Be1 54.Rb5 Kf6 55.Nxa5 Rxf5 56.Rxf5+ Kxf5 57.Nc6 Ke6 58.Kc4 f5 59.Nd4+ Kf6
60.b4 f4 1-0

[Event "EU-chT Seniors 15th"]
[Site "Dresden"]
[Date "2013.07.27"]
[Round "8"]
[White "Svensson, Leif"]
[Black "Maryasin, Boris"]
[Result "1/2-1/2"]
[WhiteElo "2120"]
[BlackElo "2335"]
[EventDate "2013.07.20"]
[PlyCount "111"]

1.d4 Nf6 2.Nc3 d5 3.Bg5 Nbd7 4.e3 e6 5.f4 h6 6.Bh4 c5 7.Nf3 Qb6 8.Rb1 cxd4
9.exd4 Bb4 10.Bd3 Ne4 11.O-O f5 12.Ne2 O-O 13.a3 Bd6 14.Kh1 Ndf6 15.Bxf6 
gxf6 16.Qe1 Qc7 17.Qh4 Qg7 18.Rbd1 Bd7 19.Nd2 Rac8 20.Rf3 Be8 21.Nf1 Kh7 
22.Ne3 Rg8 23.Rg1 Bg6 24.g4 Qf7 25.Rh3 Bf8 26.gxf5 Bxf5 27.Nxf5 Rxg1+ 28.
Kxg1 exf5 29.Ng3 Qg6 30.Qh5 Bd6 31.Qxf5 Qxf5 32.Nxf5 Bxf4 33.Ne7 Re8 34.
Nxd5 Bg5 35.Rf3 Kg7 36.h4 Bxh4 37.Rf4 Nd2 38.Nc7 Re7 39.Nb5 Bg5 40.Rg4 h5 
41.Rg3 h4 42.Rh3 Bf4 43.Kg2 Bg3 44.d5 Ne4 45.Nd4 Nd6 46.Ne6+ Kh6 47.c4 Nf7
48.Rh1 Ng5 49.Nd4 h3+ 50.Rxh3+ Nxh3 51.Nf5+ Kg5 52.Nxe7 Bd6 53.Kxh3 Bxe7 
54.Kg3 f5 55.Kf3 b6 56.Kg3 1/2-1/2

[Event "EU-chT Seniors 15th"]
[Site "Dresden"]
[Date "2013.07.27"]
[Round "8"]
[White "Wahlbom, Magnus"]
[Black "Tseitlin, Mark"]
[Result "1-0"]
[WhiteElo "2284"]
[BlackElo "2388"]
[EventDate "2013.07.20"]
[PlyCount "101"]

1.e4 c5 2.Nf3 d6 3.d4 cxd4 4.Nxd4 Nf6 5.Nc3 a6 6.Bg5 Nbd7 7.Bc4 Qa5 8.Qd2 
e6 9.O-O-O b5 10.Bb3 b4 11.Nd5 Bb7 12.Rhe1 O-O-O 13.Nxb4 Nc5 14.Ndc6 Bxc6 
15.Nxc6 Nxb3+ 16.cxb3 Qxd2+ 17.Rxd2 Rd7 18.Rc2 Rc7 19.Kb1 Kd7 20.Rec1 Ke8 
21.f3 Nd7 22.Nb4 Rxc2 23.Rxc2 Nc5 24.Be3 Kd7 25.Bxc5 dxc5 26.Nxa6 Bd6 27.
Nxc5+ Ke7 28.h3 g5 29.b4 Rb8 30.Rc4 h5 31.a4 g4 32.hxg4 hxg4 33.b5 g3 34.
Nd3 f6 35.Rc6 Rh8 36.b6 Kd7 37.Rc4 Rh2 38.Rc2 Rh1+ 39.Ka2 Rd1 40.Nc5+ Kc6 
41.a5 Kb5 42.b7 Bb8 43.b4 Be5 44.Nxe6 Ra1+ 45.Kb3 Rb1+ 46.Ka3 Ra1+ 47.Ra2 
Re1 48.Rd2 Re3+ 49.Ka2 Re1 50.Rd5+ Ka4 51.Nc5+ 1-0

[Event "EU-chT Seniors 15th"]
[Site "Dresden"]
[Date "2013.07.27"]
[Round "8"]
[White "Hedin, Gunnar"]
[Black "Titz, Heimo"]
[Result "0-1"]
[WhiteElo "2117"]
[BlackElo "2204"]
[EventDate "2013.07.20"]
[PlyCount "130"]

1.d4 Nf6 2.c4 e6 3.Nc3 Bb4 4.e3 c5 5.Ne2 cxd4 6.exd4 O-O 7.a3 Be7 8.Nf4 d5
9.cxd5 Nxd5 10.Ncxd5 exd5 11.Bd3 Nc6 12.O-O Bf6 13.Be3 Qd6 14.Qh5 g6 15.
Qxd5 Qxd5 16.Nxd5 Bxd4 17.Bxd4 Nxd4 18.Rad1 Ne6 19.Rfe1 Nc5 20.Bc4 Be6 21.
b4 Na4 22.Ne7+ Kg7 23.Bxe6 fxe6 24.Rxe6 Rf7 25.Re3 Kf8 26.Rde1 Rd8 27.h4 
Nb6 28.Kf1 Nc4 29.Re6 Nxa3 30.h5 gxh5 31.R1e5 Nc4 32.Rd5 Re8 33.Rc5 b5 34.
Rxb5 Rfxe7 35.Rxe7 Rxe7 36.Rxh5 Nd2+ 37.Kg1 Ne4 38.f3 Nf6 39.Rf5 Kf7 40.g4
Ke6 41.Ra5 Nd5 42.b5 Kd6 43.Kf2 Rb7 44.Kg3 Nc7 45.g5 Nxb5 46.Kg4 Kc5 47.f4
Kb4 48.Ra6 Nd4 49.f5 Kb5 50.Rd6 Kc5 51.Ra6 Nc6 52.g6 hxg6 53.f6 Kb5 54.Ra1
a5 55.Kg5 a4 56.Kxg6 Ne5+ 57.Kf5 Nf7 58.Rg1 Ka6 59.Ra1 Ka5 60.Ke6 Ra7 61.
Rh1 a3 62.Ra1 Kb6 63.Rh1 Nd8+ 64.Kd5 a2 65.Ra1 Kb5 0-1

[Event "EU-chT Seniors 15th"]
[Site "Dresden"]
[Date "2013.07.28"]
[Round "9"]
[White "Byway, Paul"]
[Black "Veremeichik, Vladimir"]
[Result "0-1"]
[WhiteElo "2140"]
[BlackElo "2340"]
[EventDate "2013.07.20"]
[PlyCount "102"]

1.Nf3 c5 2.c4 g6 3.e3 Bg7 4.d4 Nf6 5.Nc3 O-O 6.Be2 cxd4 7.exd4 d5 8.c5 Nc6
9.O-O Ne4 10.h3 e5 11.dxe5 Nxc3 12.bxc3 Nxe5 13.Nxe5 Bxe5 14.Bh6 Re8 15.
Bb5 Bd7 16.Rb1 Bc6 17.c4 dxc4 18.Bxc4 Qxd1 19.Rfxd1 Rad8 20.Bg5 Rd4 21.Bb3
Kg7 22.Be3 Rdd8 23.Bc4 a6 24.f3 Bf6 25.Bf2 h5 26.Kf1 g5 27.Rxd8 Rxd8 28.
Ke2 Re8+ 29.Kf1 Rd8 30.Ke2 Be5 31.Rd1 Re8 32.Kf1 Rc8 33.Bd4 Bxd4 34.Rxd4 
Re8 35.Bd5 Rd8 36.Bxc6 Rxd4 37.Bxb7 Rc4 38.Bxa6 Rxc5 39.Bd3 Kf6 40.Kf2 Ke5
41.a4 Kd4 42.Bb5 Rc2+ 43.Kg3 f5 44.h4 f4+ 45.Kh3 g4+ 46.fxg4 Rc3+ 47.Kh2 
hxg4 48.Bd7 f3 49.Bxg4 f2 50.Be2 Re3 51.Bb5 Rd3 0-1

[Event "EU-chT Seniors 15th"]
[Site "Dresden"]
[Date "2013.07.28"]
[Round "9"]
[White "James, Geoffrey"]
[Black "Kupreichik, Viktor D"]
[Result "1/2-1/2"]
[WhiteElo "2191"]
[BlackElo "2446"]
[EventDate "2013.07.20"]
[PlyCount "53"]

1.e4 c5 2.Nf3 e6 3.d4 cxd4 4.Nxd4 Nc6 5.Be3 Nf6 6.Nc3 Bb4 7.Bd3 d5 8.exd5 
Nxd5 9.Nxc6 bxc6 10.Bd2 Nxc3 11.Qg4 Nxa2 12.Bxb4 Nxb4 13.Qxb4 Qe7 14.Qe4 
Bb7 15.O-O c5 16.Qe3 O-O 17.Ra5 Rfc8 18.Rfa1 c4 19.Bxh7+ Kxh7 20.Qh3+ Kg8 
21.Rh5 f5 22.Rh8+ Kf7 23.Qh5+ Kf6 24.Qh4+ Kf7 25.Qh5+ Kf6 26.Qh4+ Kf7 27.
Qh5+ 1/2-1/2

[Event "EU-chT Seniors 15th"]
[Site "Dresden"]
[Date "2013.07.28"]
[Round "9"]
[White "Mochalov, Evgeny V"]
[Black "Norman, Kenneth I"]
[Result "1/2-1/2"]
[WhiteElo "2407"]
[BlackElo "2172"]
[EventDate "2013.07.20"]
[PlyCount "55"]

1.d4 Nf6 2.c4 g6 3.Nc3 d5 4.e3 Bg7 5.Qb3 c6 6.Bd2 O-O 7.Rc1 e6 8.Bd3 Nbd7 
9.Nf3 b6 10.O-O Bb7 11.e4 dxe4 12.Nxe4 c5 13.Nxf6+ Bxf6 14.d5 exd5 15.cxd5
Ne5 16.Nxe5 Bxe5 17.Bc4 Qd6 18.Bh6 Rfd8 19.Rcd1 Bxh2+ 20.Kh1 Bf4 21.Bxf4 
Qxf4 22.Kg1 Rd6 23.Rfe1 Qf6 24.Rd3 Rad8 25.Rf3 Qg5 26.Rg3 Qf6 27.Rf3 Qg5 
28.Rg3 1/2-1/2

[Event "EU-chT Seniors 15th"]
[Site "Dresden"]
[Date "2013.07.28"]
[Round "9"]
[White "Maryasin, Boris"]
[Black "Golcman, Evgeny"]
[Result "1-0"]
[WhiteElo "2335"]
[BlackElo "2264"]
[EventDate "2013.07.20"]
[PlyCount "81"]

1.e4 e5 2.Nf3 Nc6 3.Bc4 Be7 4.d4 exd4 5.Nxd4 d6 6.Nc3 Nf6 7.O-O O-O 8.h3 
Re8 9.Be3 Bf8 10.Re1 Nxd4 11.Bxd4 Be6 12.Bxe6 Rxe6 13.Qd3 g6 14.Rad1 c6 
15.f4 Nd7 16.Rf1 b5 17.Qf3 b4 18.Ne2 c5 19.Bf2 Qe8 20.Ng3 Rd8 21.Qb3 Nb6 
22.Qd3 d5 23.e5 Nc4 24.Qf3 Qc6 25.b3 Nb6 26.Qg4 Bg7 27.Ne4 f5 28.Qh4 Ree8 
29.Nxc5 Bf8 30.Nd3 Qxc2 31.Bd4 Be7 32.Qf2 Rc8 33.Rd2 Qc6 34.Rc1 Qb5 35.Bc5
Bd8 36.Qd4 Be7 37.Rdc2 Bxc5 38.Rxc5 Rxc5 39.Rxc5 Qa6 40.Nxb4 Qe2 41.Nxd5 
1-0

[Event "EU-chT Seniors 15th"]
[Site "Dresden"]
[Date "2013.07.28"]
[Round "9"]
[White "Shushpanov, Vladimir"]
[Black "Birnboim, Nathan"]
[Result "0-1"]
[WhiteElo "2308"]
[BlackElo "2356"]
[EventDate "2013.07.20"]
[PlyCount "84"]

1.d4 e6 2.Nf3 c5 3.c4 cxd4 4.Nxd4 Nf6 5.e3 Bb4+ 6.Bd2 Be7 7.Nc3 Nc6 8.Be2 
O-O 9.O-O Qc7 10.Rc1 a6 11.Qc2 Rb8 12.Rfd1 Nxd4 13.exd4 b6 14.Qd3 Bb7 15.
d5 Bd6 16.g3 Be5 17.f4 Bd6 18.Bf3 Rbc8 19.b3 Ba3 20.Rc2 b5 21.Nb1 Bc5+ 22.
Kg2 bxc4 23.bxc4 Rfe8 24.Nc3 Ba7 25.Rb2 Ba8 26.Rb4 Qc5 27.Ra4 exd5 28.Nxd5
Nxd5 29.cxd5 Qf2+ 30.Kh3 Re6 31.f5 Rd6 32.Rf1 Qb6 33.Bf4 Rf6 34.Rb1 Qf2 
35.Rxa6 Rxa6 36.Qxa6 Rc2 37.Qa5 h6 38.Kg4 h5+ 39.Kg5 Qxf3 40.h3 Kh7 41.
Qxa7 f6+ 42.Kh4 Qg4+ 0-1